Dictionnaire de l'automobile

Wedi'i Gadw mewn:
Manylion Llyfryddiaeth
Prif Awdur: Elsevier
Fformat: Llyfr
Iaith:Undetermined
Cyhoeddwyd: Paris Dunod 1960
Pynciau:
Tagiau: Ychwanegu Tag
Dim Tagiau, Byddwch y cyntaf i dagio'r cofnod hwn!
Thư viện lưu trữ: Trung tâm Học liệu Trường Đại học Cần Thơ
LEADER 00483nam a2200181Ia 4500
001 CTU_26581
008 210402s9999 xx 000 0 und d
082 |a 629.203 
082 |b E59 
100 |a Elsevier 
245 0 |a Dictionnaire de l'automobile 
245 0 |c Elsevier 
260 |a Paris 
260 |b Dunod 
260 |c 1960 
650 |a automobiles,mechanical engineering - dictionaries 
904 |i Minh, 981014 
980 |a Trung tâm Học liệu Trường Đại học Cần Thơ